000 00400nam a2200133Ia 4500
003 GCL
008 140319s9999 xx 000 0 ara d
040 _aGCL /
_cGCL
082 0 4 _a301.2
_bم ا
100 1 _aمصطفى السخاوى
245 1 0 _aالايكولوجيا الثقافية /
_cمصطفى السخاوى
300 _a180 ص
490 _aالهيئة العامة للاستعلامات
_v0
999 _c49302
_d49302